000 00738nam a2200181Ia 4500
008 151202s9999||||xx |||||||||||||| ||und||
082 _bPNVM-44103
100 _aआठवले सदाशिव.
245 _aविजयनगरचा सम्राट कृष्णदेवराय.
260 _b"श्री विद्या प्रकाशन, पुणे."
260 _c2000
300 _a164
600 _aआठवले सदाशिव.
630 _aविजयनगरचा सम्राट कृष्णदेवराय.
700 _aआठवले सदाशिव.
730 _aविजयनगरचा सम्राट कृष्णदेवराय.
942 _cBOOK
999 _c1310055
_d1310052